|
|
|
|
| LEADER |
01009nam a2200289 a 4500 |
| 001 |
10617 |
| 003 |
BD-DhAAL |
| 005 |
20141124114836.0 |
| 008 |
141124s1997 njua b 001 0 eng |
| 010 |
|
|
|a 96037160
|
| 020 |
|
|
|a 8120312228
|
| 020 |
|
|
|a 0132729156
|
| 040 |
|
|
|a DLC
|c DLC
|d DLC
|d BD-DhAAL
|
| 050 |
0 |
0 |
|a T57.6
|b .T3 1997
|
| 082 |
0 |
0 |
|a 658.4/034
|2 22
|
| 100 |
1 |
|
|a Taha, Hamdy A.
|9 6157
|
| 245 |
1 |
0 |
|a Operations research :
|b an introduction /
|c Hamdy A. Taha.
|
| 250 |
|
|
|a 6th ed.
|
| 260 |
|
|
|a Upper Saddle River, N.J. ;
|a New Delhi :
|b Prentice Hall,
|c c1997. [Printing 2000]
|
| 300 |
|
|
|a xx, 916 p. :
|b ill. ;
|c 25 cm.
|
| 504 |
|
|
|a Includes bibliographical references and index.
|
| 541 |
|
|
|e 10617
|
| 650 |
|
0 |
|a Operations research.
|9 6158
|
| 650 |
|
0 |
|a Programming (Mathematics)
|9 6159
|
| 942 |
|
|
|2 ddc
|c BK
|
| 999 |
|
|
|c 33112
|d 33112
|
| 952 |
|
|
|0 0
|1 0
|2 ddc
|4 0
|6 658_403400000000000_TAH
|7 0
|9 44194
|a BRACUL
|b BRACUL
|c GEN
|d 2014-11-24
|l 8
|m 75
|o 658.4034 TAH
|p 3010010617
|r 2022-09-29
|s 2022-06-27
|t 1
|w 2014-11-24
|y BK
|